Normal view
MARC view
Entry Personal Name
001 - CONTROL NUMBER
- control field: 46528
003 - CONTROL NUMBER IDENTIFIER
- control field: dpl
005 - DATE AND TIME OF LATEST TRANSACTION
- control field: 20120507113801.0
008 - FIXED-LENGTH DATA ELEMENTS
- fixed length control field: 120507|||a|||||| | ||| d
040 ## - CATALOGING SOURCE
- Original cataloging agency: dpl
- Transcribing agency: dpl
100 ## - HEADING--PERSONAL NAME
- Personal name: Banks, Erik
670 ## - SOURCE DATA FOUND
- Source citation: Work cat.: (dpl)65696: Banks, Erik, Finance :, 2009
670 ## - SOURCE DATA FOUND
- Source citation: Work cat.: (dpl)65696: Banks, Erik, Finance :, 2009
